Contabilidad e Inflación (Registro nro. 1104)

Detalles MARC
000 -LEADER
fixed length control field 01615 a2200205 4500
001 - CONTROL NUMBER
control field 23315
005 - DATE AND TIME OF LATEST TRANSACTION
control field 20260407155521.0
008 - FIXED-LENGTH DATA ELEMENTS--GENERAL INFORMATION
fixed length control field 260407a1975 arg spa d
003 - CONTROL NUMBER IDENTIFIER
control field AR-UNSa-BCEJYS
040 ## - CATALOGING SOURCE
Original cataloging agency AR-UNSa-BCEJYS
Language of cataloging spa
Transcribing agency AR-UNSa-BCEJYS
080 ## - UNIVERSAL DECIMAL CLASSIFICATION NUMBER
Universal Decimal Classification number 657.23
Common auxiliary subdivision Compensaciones. Correcciones. Ajustes (devaluación monetaria)
100 1# - MAIN ENTRY--PERSONAL NAME
Personal name Lazzati, Santiago Carlos
245 10 - TITLE STATEMENT
Title Contabilidad e Inflación
250 ## - EDITION STATEMENT
Edition statement 3a. ed
264 #1 - PRODUCTION, PUBLICATION, DISTRIBUTION, MANUFACTURE, AND COPYRIGHT NOTICE
Place of production, publication, distribution, manufacture Buenos Aires :
Name of producer, publisher, distributor, manufacturer Ediciones Economía y Empresa
Date of production, publication, distribution, manufacture, or copyright notice 1975
300 ## - PHYSICAL DESCRIPTION
Extent 206 p.
Dimensions 23 cm.
505 ## - FORMATTED CONTENTS NOTE
Formatted contents note 1. La contabilidad y las fluctuaciones en el poadquisitivo de la moneda - 2. Definición del problema contables de los cambios en el poder adquisitivo de la moneda - 3. El índice aplicable - 4. Alcance de los ajustes - 5. Análisis general del comportamiento de los rubros frente a los cambios en el poder adquisitivo de la moneda - 6. Carácter de los ajustes - 7. Método para realizar los ajustes - 8. Determinación de las perdidas y ganancias de poder adquisitivo - 9. Imputación de las pérdidas y ganancias de poder adquisitivo - 10. Ajuste directo a valores de mercado como excepción a la norma general - 11. Disponibilidades y créditos - 12. Bienes de cambio y costo de las mercaderías o productos vendidos - 13. Inversiones - 14. Bienes de uso, bienes inmateriales y amortizaciones - 15. Cargos y utilidades diferidas - 16. Deudas, provisiones y previsiones - 17. Capital, reservas y resultados acumulados - 18. Resultados del ejercicio - 19. Presentación y dictamen de los estados ajustados
590 ## - LOCAL NOTE (RLIN)
Local note niveau_biblio:m niveau_hierar:0
942 ## - ADDED ENTRY ELEMENTS (KOHA)
Koha item type
Existencias
Withdrawn status Lost status Damaged status Not for loan Home library Current library Shelving location Date acquired Total checkouts Full call number Barcode Date last seen Price effective from Koha item type
        Biblioteca Prof. Eusebio Cleto del Rey Biblioteca Prof. Eusebio Cleto del Rey   07/04/2026   657.23 L432c 3ed. L26761 07/04/2026 07/04/2026 Libro
        Biblioteca Prof. Eusebio Cleto del Rey Biblioteca Prof. Eusebio Cleto del Rey   07/04/2026   657.23 L432c 3ed. L26762 07/04/2026 07/04/2026 Libro